[Event "Foment Martinenc op-C 21st"]
[Site "Barcelona"]
[Date "2019.05.11"]
[Round "3"]
[White "Francia, Christian"]
[Black "Larios Ongay, Eloi"]
[Result "1-0"]
[WhiteElo "1571"]
[BlackElo "1388"]
[PlyCount "45"]
[EventDate "2019.04.27"]
[EventType "swiss"]
[EventRounds "9"]
[EventCountry "ESP"]
[SourceTitle "EXT 2020"]
[Source "ChessBase"]
[SourceDate "2019.10.17"]
[SourceVersion "1"]
[SourceVersionDate "2019.10.17"]
[SourceQuality "1"]

1. e4 e5 2. Nf3 Nc6 3. Bc4 Bc5 4. b4 Bxb4 5. c3 Ba5 6. d4 Nf6 7. Qb3 0-0 8. Ng5 Qe8 9. 0-0 h6 10. Nf3 Nxe4 11. Re1 exd4 12. Bd5 Bxc3 13. Nxc3 dxc3 14. Rxe4 Qd8 15. Bxh6 d6 16. Bg5 Qe8 17. Rxe8 Rxe8 18. Bxf7+ Kh7 19. Bxe8 Na5 20. Qc2+ Kh8 21. Qxc3 Be6 22. Bh6 Rxe8 23. Qxg7# 1-0

[Event "Foment Martinenc op-C 19st"]
[Site "Barcelona"]
[Date "2017.05.06"]
[Round "3.18"]
[White "Francia, Christian"]
[Black "Romero Gamez, Francisco Javier"]
[Result "1/2-1/2"]
[WhiteElo "1676"]
[BlackElo "1808"]
[PlyCount "46"]
[EventDate "2017.04.22"]
[EventType "swiss"]
[EventRounds "9"]
[EventCountry "ESP"]
[SourceTitle "EXT 2024"]
[Source "ChessBase"]
[SourceDate "2023.10.10"]
[SourceVersion "1"]
[SourceVersionDate "2023.10.10"]
[SourceQuality "1"]

1. e4 c5 2. d4 cxd4 3. c3 dxc3 4. Nxc3 d6 5. Bc4 e6 6. Nf3 Nf6 7. 0-0 Be7 8. Qe2 0-0 9. Rd1 a6 10. Bb3 Qc7 11. e5 dxe5 12. Nxe5 Nbd7 13. Bf4 Nxe5 14. Bxe5 Qc6 15. Rac1 Rd8 16. Nd5 exd5 17. Rxc6 bxc6 18. Bxf6 Bxf6 19. Re1 Bb7 20. Bc2 Rac8 21. Bf5 Rb8 22. Bd7 g6 23. Bg4 Kf8 1/2-1/2